<?xml version="1.0" encoding="UTF-8"?><?xml-stylesheet type="text/xsl" href="static/style.xsl"?><OAI-PMH xmlns="http://www.openarchives.org/OAI/2.0/" xmlns:xsi="http://www.w3.org/2001/XMLSchema-instance" xsi:schemaLocation="http://www.openarchives.org/OAI/2.0/ http://www.openarchives.org/OAI/2.0/OAI-PMH.xsd"><responseDate>2026-05-01T11:26:41Z</responseDate><request verb="GetRecord" identifier="oai:riubu.ubu.es:10259/11535" metadataPrefix="marc">https://riubu.ubu.es/oai/request</request><GetRecord><record><header><identifier>oai:riubu.ubu.es:10259/11535</identifier><datestamp>2026-04-23T00:05:41Z</datestamp><setSpec>com_10259_7942</setSpec><setSpec>com_10259_5086</setSpec><setSpec>com_10259_2604</setSpec><setSpec>com_10259_4219</setSpec><setSpec>col_10259_8416</setSpec><setSpec>col_10259_4220</setSpec></header><metadata><record xmlns="http://www.loc.gov/MARC21/slim" xmlns:doc="http://www.lyncode.com/xoai" xmlns:xsi="http://www.w3.org/2001/XMLSchema-instance" xmlns:dcterms="http://purl.org/dc/terms/" xsi:schemaLocation="http://www.loc.gov/MARC21/slim http://www.loc.gov/standards/marcxml/schema/MARC21slim.xsd">
<leader>00925njm 22002777a 4500</leader>
<datafield tag="042" ind1=" " ind2=" ">
<subfield code="a">dc</subfield>
</datafield>
<datafield tag="720" ind1=" " ind2=" ">
<subfield code="a">Rodríguez García, Bruno</subfield>
<subfield code="e">author</subfield>
</datafield>
<datafield tag="720" ind1=" " ind2=" ">
<subfield code="a">Corchia, Laura</subfield>
<subfield code="e">author</subfield>
</datafield>
<datafield tag="720" ind1=" " ind2=" ">
<subfield code="a">Zaparaín Yáñez, Mª José</subfield>
<subfield code="e">author</subfield>
</datafield>
<datafield tag="720" ind1=" " ind2=" ">
<subfield code="a">De Paolis, Lucio Tommaso</subfield>
<subfield code="e">author</subfield>
</datafield>
<datafield tag="260" ind1=" " ind2=" ">
<subfield code="c">2026-03</subfield>
</datafield>
<datafield tag="520" ind1=" " ind2=" ">
<subfield code="a">This research aims to contribute to the advancement of technologies applied to the conservation, reconstruction, anddissemination of Cultural Heritage, such as photogrammetry, 3D modeling, Virtual Agents, and Virtual Reality. To this end, thevirtual reconstruction process of a Roman alabaster sculpture of the Goddess Isis is presented and assessed in a comprehensiveand systematic procedure. Unearthed at the Roman city of Clunia (province of Burgos, Spain), the sculpture dates back toapproximately the 2nd c. AD. The virtual reconstruction depicts both existing and missing features, based on the remainsand comparisons with other extant representations of the goddess. The generated 3D model was designed to function as aVirtual Agent in interactive experiences. Moreover, discrepancy, detail and vertex concentration analyses of the model yieldedsatisfactory results. The visualization of the 3D model was tested in an interactive Virtual Reality experience at the Museumof Burgos with 60 participants, whose evaluations were highly positive. Clustering of participant responses revealed behaviorpatterns that were primarily associated with age and previous experience with Virtual Reality. The 3D model of the virtualreconstruction is open access and free to download.</subfield>
</datafield>
<datafield tag="024" ind2=" " ind1="8">
<subfield code="a">1556-4673</subfield>
</datafield>
<datafield tag="024" ind2=" " ind1="8">
<subfield code="a">https://hdl.handle.net/10259/11535</subfield>
</datafield>
<datafield tag="024" ind2=" " ind1="8">
<subfield code="a">10.1145/3774911</subfield>
</datafield>
<datafield tag="024" ind2=" " ind1="8">
<subfield code="a">1556-4711</subfield>
</datafield>
<datafield ind1=" " ind2=" " tag="653">
<subfield code="a">Computing methodologies</subfield>
</datafield>
<datafield ind1=" " ind2=" " tag="653">
<subfield code="a">Virtual reality</subfield>
</datafield>
<datafield ind1=" " ind2=" " tag="653">
<subfield code="a">Shape modeling</subfield>
</datafield>
<datafield ind1=" " ind2=" " tag="653">
<subfield code="a">Animation</subfield>
</datafield>
<datafield ind1=" " ind2=" " tag="653">
<subfield code="a">Applied computing</subfield>
</datafield>
<datafield ind1=" " ind2=" " tag="653">
<subfield code="a">Fine arts</subfield>
</datafield>
<datafield ind1=" " ind2=" " tag="653">
<subfield code="a">3D modelin</subfield>
</datafield>
<datafield ind1=" " ind2=" " tag="653">
<subfield code="a">Virtual reality</subfield>
</datafield>
<datafield ind1=" " ind2=" " tag="653">
<subfield code="a">Cultural heritage</subfield>
</datafield>
<datafield ind1=" " ind2=" " tag="653">
<subfield code="a">Virtual reconstruction</subfield>
</datafield>
<datafield tag="245" ind1="0" ind2="0">
<subfield code="a">The Virtual Reconstruction of a Statue of Isis Unearthed at the Roman City of Clunia (Spain): A 3D Model for Interactive Virtual Reality Experiences</subfield>
</datafield>
</record></metadata></record></GetRecord></OAI-PMH>